|
|
|
|
| LEADER |
02068nam a2200361 a 4500 |
| 001 |
31165 |
| 003 |
BD-DhAAL |
| 005 |
20211128155557.0 |
| 008 |
160626s2009 maua b 001 0 eng |
| 999 |
|
|
|c 37085
|d 37085
|
| 010 |
|
|
|a 2008037021
|
| 020 |
|
|
|a 9780070091771
|
| 040 |
|
|
|a DLC
|c DLC
|d DLC
|d BD-DhAAL
|
| 050 |
0 |
0 |
|a TS155
|b .S7824 2009
|
| 082 |
0 |
0 |
|a 658.5
|2 22
|
| 100 |
1 |
|
|a Stevenson, William J.
|9 19726
|
| 245 |
1 |
0 |
|a Operations management /
|c William J. Stevenson.
|
| 250 |
|
|
|a 10th ed.
|
| 260 |
|
|
|a Boston ;
|a New York ;
|a New Delhi :
|b McGraw-Hill/Irwin,
|c c2009.
|
| 300 |
|
|
|a xxxii, 906 p. :
|b ill. (chiefly col.) ;
|c 29 cm.
|
| 490 |
0 |
|
|a The McGraw-Hill/Irwin series operations and decision sciences
|
| 504 |
|
|
|a Includes bibliographical references and indexes.
|
| 526 |
|
|
|a BBS
|
| 541 |
|
|
|e 31165,31166, 31167, 31168, 31169
|
| 650 |
|
0 |
|a Production management.
|9 19727
|
| 650 |
|
0 |
|a Business & finance.
|9 43226
|
| 852 |
1 |
|
|a Ayesha Abed Library
|c General shelf.
|
| 942 |
0 |
0 |
|2 ddc
|c BK
|
| 952 |
|
|
|0 0
|1 0
|2 ddc
|4 0
|6 658_500000000000000_STE
|7 0
|9 59162
|a BRACUL
|b BRACUL
|c GEN
|d 2016-06-12
|e Karim International
|g 2080.00
|l 10
|m 158
|o 658.5 STE
|p 3010031168
|r 2025-02-10
|s 2024-10-27
|t 4
|v 2080.00
|w 2016-06-12
|y BK
|
| 952 |
|
|
|0 0
|1 0
|2 ddc
|4 0
|6 658_500000000000000_STE
|7 0
|9 59163
|a BRACUL
|b BRACUL
|c GEN
|d 2016-06-12
|e Karim International
|g 2080.00
|l 16
|m 133
|o 658.5 STE
|p 3010031166
|r 2026-01-05
|s 2025-11-26
|t 2
|v 2080.00
|w 2016-06-12
|y BK
|
| 952 |
|
|
|0 0
|1 0
|2 ddc
|4 0
|6 658_500000000000000_STE
|7 0
|9 59164
|a BRACUL
|b BRACUL
|c GEN
|d 2016-06-12
|e Karim International
|g 2080.00
|l 19
|m 164
|o 658.5 STE
|p 3010031165
|q 2026-06-02
|r 2026-03-02
|s 2026-03-02
|t 1
|v 2080.00
|w 2016-06-12
|y BK
|
| 952 |
|
|
|0 0
|1 0
|2 ddc
|4 0
|6 658_500000000000000_STE
|7 0
|9 59165
|a BRACUL
|b BRACUL
|c GEN
|d 2016-06-12
|e Karim International
|g 2080.00
|l 14
|m 165
|o 658.5 STE
|p 3010031167
|q 2025-10-20
|r 2025-10-13
|s 2025-10-13
|t 3
|v 2080.00
|w 2016-06-12
|y BK
|
| 952 |
|
|
|0 0
|1 0
|2 ddc
|4 0
|6 658_500000000000000_STE
|7 0
|9 59166
|a BRACUL
|b BRACUL
|c GEN
|d 2016-06-12
|e Karim International
|g 2080.00
|l 16
|m 177
|o 658.5 STE
|p 3010031169
|r 2026-05-19
|s 2025-10-15
|t 5
|v 2080.00
|w 2016-06-12
|y BK
|